| 000 | 00355nam a22001457a 4500 | ||
|---|---|---|---|
| 020 | _a0-600-60691-0 | ||
| 082 |
_a001 _bEIN/T |
||
| 100 | _aEINON, DOROTHY | ||
| 245 | _aTHINGS TO DO PLAY & LEARN | ||
| 260 |
_aLONDON _bHAMLYN _c2004 |
||
| 300 | _a224 | ||
| 520 | _a130 FUN ACTIVITIES FOR 2 - 6 YEAR OLDS | ||
| 650 |
_aCHILD PHSYCOLOGY _zINDIA |
||
| 942 | _cBK | ||
| 999 |
_c1776 _d1776 |
||